EA FC24 MLS TOTS - Statistics

General Stats
  • This quiz has been taken 24 times
  • The average score is 5 of 7
Answer Stats
Rate Club Nation Answer % Correct
97 Inter Miami Argentina Lionel Messi
100%
93 Inter Miami Spain Jordi Alba
90%
93 Inter Miami Spain Sergio Busquets
90%
88 Colombus Crew Colombia Cucho Hernandez
55%
90 Houston Mexico Hector Herrera
55%
90 LAFC Gabon Denis Bouanga
50%
91 FC Cincinnati Argentina Luciano Acosta
40%
No matching quizzes found
Score Distribution
Percent of People with Each Score
Percentile by Number Answered
Your Score History
You have not taken this quiz